Filmographie Robert Zemeckis - Statistiques

Statistiques générales
  • Ce quiz a été pris 38 fois
  • Le résultat moyen est 8 sur 21
Statistiques - réponses
Année Films % Correct
1994 Forrest Gump
91%
1985 Retour vers le futur
86%
1989 Retour vers le futur 2
83%
1990 Retour vers le futur 3
83%
2000 Seul au monde
49%
2004 Le Pôle Express
46%
1988 Qui veut la peau de Roger Rabbit
37%
2007 La Légende de Beowulf
34%
2022 Pinocchio
34%
2015 The Walk : Rêver plus haut
29%
2009 Le Drôle de Noël de Scrooge
26%
2020 Sacrées Sorcières
26%
2016 Alliés
23%
2018 Bienvenue à Marwen
23%
1997 Contact
23%
1984 À la poursuite du diamant vert
20%
1992 La mort vous va si bien
20%
1978 Crazy Day
17%
2012 Flight
17%
2000 Apparences
14%
1980 La Grosse Magouille
3%
Aucun quiz correspondant
Distribution des résultats
% des personnes avec chaque résultat
Percentile par nombre de réponses
Votre historique - résultats
Vous n’avez pas pris ce quiz